000
00293nam a2200121Ia 4500
008
191201s2015 xx 000 0 und d
100
_a
BODLA,B.S.
245
0
_a
Strategics for Business Excellence
260
_a
N. Delhi
_b
Victorious Pub
_c
2015
300
_a
544
650
_a
MBA
942
_2
ddc
_c
BK
999
_c
698
_d
698